| 000 | 01276nam a22003017a 4500 | ||
|---|---|---|---|
| 003 | DO-SdBPM | ||
| 005 | 20251107124435.0 | ||
| 007 | ta | ||
| 008 | 211201b2019 dr | |||| 00| 0 spa d | ||
| 020 | _a9789945917314 | ||
| 040 |
_aDO-SdBPM _bspa _cBPMSU _drda |
||
| 082 | 4 |
_a658.401 _bG973p p 2019 _222 |
|
| 100 | 1 |
_aGrullón, Miguelina _eautora _d1957- |
|
| 245 | 1 | 0 |
_aPautas efectivas para la reducción del riesgo gerencial y alcanzar el éxito / _cMiguelina Grullón |
| 260 | _b | ||
| 264 |
_aSan José de las Matas, República Dominicana : _bOpus, _c2019 |
||
| 300 |
_a140 páginas ; _c22 cm |
||
| 336 |
_atexto _btxt _2rdacontent |
||
| 337 |
_asin mediación _bn _2rdamedia |
||
| 338 |
_avolumen _bnc _2rdacarrier |
||
| 505 | 0 | _aAgradecimientos, 7.-- Prólogo / María Margarita Valerio, 9.-- Introducción, 11.-- Capítulo I. Conviértete en un líder motivador, 15.-- Capítulo II. Planificación estratégica, 101.-- Capítulo III. Manejar los conflictos como un líder, 117.-- Capítulo IV. Benchmarking, 129.-- Conclusión, 135.-- Bibliografía, 139. | |
| 590 | _aInventariado, 2025/ VM | ||
| 650 | 7 | _aAdministración | |
| 650 | 7 | _aÉxito en los negocios | |
| 650 | 7 | _aGestión empresarial | |
| 910 | _aVMateo V. Control de calidad. BPMSU | ||
| 942 |
_2ddc _cBK |
||
| 999 |
_c15498 _d15498 |
||